Guía del Madrid galdosiano / (Record no. 174249)
[ view plain ]
| 000 -LEADER | |
|---|---|
| campo de control de longitud fija | 01995nam a2200409 4500 |
| 001 - NÚMERO DE CONTROL | |
| campo de control | 174249 |
| 003 - IDENTIFICADOR DE NÚMERO DE CONTROL | |
| campo de control | ES-MaACL |
| 005 - FECHA Y HORA DE LA ÚLTIMA TRANSACCIÓN | |
| campo de control | 20250806063138.0 |
| 008 - DATOS DE LONGITUD FIJA--INFORMACIÓN GENERAL | |
| campo de control de longitud fija | 100315s2008 sp aeo |||| |bspa d |
| 017 ## - NÚMERO DE COPYRIGHT O DE DEPÓSITO LEGAL | |
| Número de copyright o de depósito legal | M 19867-2008 |
| Agencia que asigna | Oficina Depósito Legal Madrid |
| 020 ## - NÚMERO INTERNACIONAL ESTÁNDAR DEL LIBRO | |
| Número Internacional Estándar del Libro | 978-84-451-3131-2 |
| 080 ## - NÚMERO DE LA CLASIFICACIÓN DECIMAL UNIVERSAL | |
| Número de la Clasificación Decimal Universal | 821.134.2 Pérez Galdós, Benito 1.07 |
| 080 ## - NÚMERO DE LA CLASIFICACIÓN DECIMAL UNIVERSAL | |
| Número de la Clasificación Decimal Universal | 913(460.27 M.)(0:82) |
| 100 1# - ENTRADA PRINCIPAL--NOMBRE DE PERSONA | |
| Nombre de persona | García-Posada, Miguel, |
| Fechas asociadas al nombre | 1944-2012 |
| Término indicativo de función/relación | Autor |
| 9 (RLIN) | 55131 |
| 245 10 - MENCIÓN DEL TÍTULO | |
| Título | Guía del Madrid galdosiano / |
| Mención de responsabilidad, etc. | Miguel García-Posada |
| 250 ## - MENCION DE EDICION | |
| Mención de edición | 2ª ed. |
| 260 ## - PUBLICACIÓN, DISTRIBUCIÓN, ETC. | |
| Lugar de publicación, distribución, etc. | Madrid : |
| Nombre del editor, distribuidor, etc. | Consejería de Educación, |
| Fecha de publicación, distribución, etc. | 2008 |
| 300 ## - DESCRIPCIÓN FÍSICA | |
| Extensión | 141 páginas : |
| Otras características físicas | ilustraciones (blanco y negro y color), planos ; |
| Dimensiones | 20 cm |
| 490 1# - MENCIÓN DE SERIE | |
| Mención de serie | Biblioteca madrileña de bolsillo |
| Designación de volumen o secuencia | 21 |
| RLIN | 189358 |
| 490 1# - MENCIÓN DE SERIE | |
| Mención de serie | Guías culturales |
| RLIN | 241579 |
| 500 ## - NOTA GENERAL | |
| Nota general | Índices |
| 504 ## - NOTA DE BIBLIOGRAFÍA, ETC. | |
| Nota de bibliografía, etc. | Bibliografía: página 133 |
| 520 ## - RESUMEN, ETC. | |
| Sumario, etc. | Estudio sobre el corazón del Madrid galdosiano, visto desde la actualidad y descrito recurriendo a los propios términos que utilizó el novelista en sus obras. La antología de textos se acompaña de comentarios, e ilustraciones de época y de hoy, así como de varias propuestas didácticas y de rutas a recorrer. La información cartográfica permite elaborar una topografía del Madrid galdosiano |
| 530 ## - NOTA DISPONIBLE DE FORMULARIO FÍSICO ADICIONAL | |
| Nota de formato físico adicional disponible | Disponible en formato digital |
| 600 14 - PUNTO DE ACCESO ADICIONAL DE MATERIA--NOMBRE DE PERSONA | |
| Nombre de persona | Pérez Galdós, Benito, |
| Fechas asociadas al nombre | 1843-1920- |
| Subdivisión general | Crítica e interpretación |
| 9 (RLIN) | 90875 |
| 650 #7 - PUNTO DE ACCESO ADICIONAL DE MATERIA--TÉRMINO DE MATERIA | |
| Término de materia o nombre geográfico como elemento de entrada | Rutas literarias- |
| Subdivisión geográfica | Madrid |
| 9 (RLIN) | 138068 |
| 651 #7 - PUNTO DE ACCESO ADICIONAL DE MATERIA--NOMBRE GEOGRÁFICO | |
| Nombre geográfico | Madrid- |
| Subdivisión general | En la literatura |
| 9 (RLIN) | 138069 |
| 651 #4 - PUNTO DE ACCESO ADICIONAL DE MATERIA--NOMBRE GEOGRÁFICO | |
| Nombre geográfico | Madrid- |
| Subdivisión general | Descripción- |
| Subdivisión cronológica | S.XIX |
| 9 (RLIN) | 8954 |
| 710 1# - ENTRADA AGREGADA--NOMBRE DE ENTIDAD CORPORATIVA | |
| Nombre de entidad corporativa o nombre de jurisdicción como elemento de entrada | Madrid (Comunidad Autónoma). |
| Unidad subordinada | Consejería de Educación. |
| 9 (RLIN) | 5600 |
| 830 #0 - PUNTO DE ACCESO ADICIONAL DE SERIE-TÍTULO UNIFORME | |
| Título uniforme | Biblioteca madrileña de bolsillo |
| Designación de volumen o secuencia | 21 |
| 9 (RLIN) | 189358 |
| 830 #0 - PUNTO DE ACCESO ADICIONAL DE SERIE-TÍTULO UNIFORME | |
| Título uniforme | Guías culturales |
| 9 (RLIN) | 241579 |
| 852 4# - LOCALIZACIÓN | |
| Ubicación | ES-MaACL |
| Ubicación en estantería | Hemeroteca |
| Número de control de estantería | N-3410 |
| 856 4# - LOCALIZACIÓN Y ACCESO ELECTRÓNICOS | |
| Identificador Uniforme de Recursos | <a href="https://gestiona3.madrid.org/bvirtual/BVCM001795.pdf">https://gestiona3.madrid.org/bvirtual/BVCM001795.pdf</a> |
| Texto de enlace | Versión en línea |
| Nota pública | (PublicaMadrid) |
| 942 ## - ELEMENTOS DE ENTRADA SECUNDARIOS (KOHA) | |
| Fuente del sistema de clasificación o colocación | Clasificación decimal universal |
| Tipo de ítem Koha | Libro impreso |
| Suprimir en OPAC | No |
| Estatus retirado | Estado de pérdida | Fuente del sistema de clasificación o colocación | Estado de daño | No para préstamo | Colección | Biblioteca de origen | Biblioteca actual | Ubicación en estantería | Fecha de adquisición | Total de préstamos | Signatura topográfica completa | Código de barras | Visto por última vez | Tipo de ítem Koha |
|---|---|---|---|---|---|---|---|---|---|---|---|---|---|---|
| Clasificación decimal universal | Colección digital | Biblioteca del Ateneo de Madrid | Biblioteca del Ateneo de Madrid | Hemeroteca | 15/03/2010 | N-3410 | 1182902 | 23/02/2023 | Libro impreso |
